01185nam a2200313 a 4500001001100000003000800011006001900019007001500038008004100053010001700094020004000111040002100151035002100172050002200193082001600215100001900231245007100250260003400321300002200355490003300377504006600410533015200476650002100628655002900649710001700678830003400695856012500729999001700854ebr5006011CaPaEBRm u cr cn|||||||||970227s1998 nyua sb 001 0 eng  z 97010090  z0387982191 (hardcover : alk. paper) aCaPaEBRcCaPaEBR a(OCoLC)55921556614aQA63b.E54 1998eb04a510/.762211 aEngel, Arthur.10aProblem-solving strategiesh[electronic resource] /cArthur Engel. aNew York :bSpringer,cc1998. ax, 403 p. :bill.1 aProblem books in mathematics aIncludes bibliographical references (p. [397]-398) and index. aElectronic reproduction.bPalo Alto, Calif. :cebrary,d2013.nAvailable via World Wide Web.nAccess may be limited to ebrary affiliated libraries. 0aProblem solving. 7aElectronic books.2local2 aebrary, Inc. 0aProblem books in mathematics.40uhttp://site.ebrary.com/lib/rucke/Doc?id=5006011zAn electronic book accessible through the World Wide Web; click to view c21018d21018